Solar thermal engineering systems / (Record no. 183734)

000 -LEADER
fixed length control field 01009 a2200217 4500
003 - CONTROL NUMBER IDENTIFIER
control field Nust
005 - DATE AND TIME OF LATEST TRANSACTION
control field 20221231151921.0
010 ## - LIBRARY OF CONGRESS CONTROL NUMBER
LC control number 2005023393
020 ## - INTERNATIONAL STANDARD BOOK NUMBER
International Standard Book Number 1594546142
035 ## - SYSTEM CONTROL NUMBER
System control number (OCoLC)ocm61278532
040 ## - CATALOGING SOURCE
Transcribing agency Nust
082 00 - DEWEY DECIMAL CLASSIFICATION NUMBER
Classification number 629.2295,TIW
100 1# - MAIN ENTRY--PERSONAL NAME
Personal name Tiwari, G. N.
9 (RLIN) 3441
245 10 - TITLE STATEMENT
Title Solar thermal engineering systems /
Statement of responsibility, etc. G.N. Tiwari.
260 ## - PUBLICATION, DISTRIBUTION, ETC.
Place of publication, distribution, etc. New Delhi
Name of publisher, distributor, etc. Narosa publishing house
Date of publication, distribution, etc. 1997.
300 ## - PHYSICAL DESCRIPTION
Extent 396p
Other physical details ill. ;
Dimensions 22 cm.
505 ## - FORMATTED CONTENTS NOTE
Formatted contents note Sun and its Energy (Page-1), Basic Heat Transfer : Concepts and Definitions (Page -31), Flat – Plate Collectors (Page-82), Solar Air Heaters (Page-126), Solar Concentrator (Page-156), Solar Distillation (Page-185), Passive Solar House (Page-211), Other Applications (Page-238), Energy Storage (Page-289), Photovoltaic Systems (Page-309), Economic Analysis (Page-326).
650 #0 - SUBJECT ADDED ENTRY--TOPICAL TERM
Topical term or geographic name entry element Solar energy
General subdivision Technological innovations.
9 (RLIN) 106567
856 41 - ELECTRONIC LOCATION AND ACCESS
Materials specified Table of contents
Uniform Resource Identifier <a href="http://www.loc.gov/catdir/toc/ecip0517/2005023393.html">http://www.loc.gov/catdir/toc/ecip0517/2005023393.html</a>
942 ## - ADDED ENTRY ELEMENTS (KOHA)
Source of classification or shelving scheme
Koha item type Book
Holdings
Withdrawn status Lost status Source of classification or shelving scheme Damaged status Not for loan Permanent Location Current Location Shelving location Date acquired Full call number Barcode Date last seen Price effective from Koha item type Public note
          Military College of Signals (MCS) Military College of Signals (MCS) General Stacks 12/12/2016 629.2295,TIW MCS26663 12/08/2016 12/12/2016 Book Almirah No.41, Shelf No.3
© 2023 Central Library, National University of Sciences and Technology. All Rights Reserved.